Nicky Romero Charting Songs (Billboard Hot Dance) - Statistics

General Stats
  • This quiz has been taken 9 times
  • The average score is 5 of 10
Answer Stats
Album Weeks On Peak Artist(s) Song % Correct
Non-Album Single 22 Weeks #10 Avicii vs Nicky Romero I Could Be the One
100%
Non-Album Single 20 Weeks #22 Nicky Romero vs Krewella Legacy
80%
Neon Future III 4 Weeks #30 Steve Aoki & Nicky Romero ft. Kiiara Be Somebody
40%
Non-Album Single 1 Week #45 Nicky Romero & Nile Rodgers Future Funk
40%
Collateral 3 Weeks #42 NERVO ft. Nicky Romero Let It Go
40%
Non-Album Single 1 Week #50 Nicky Romero Lighthouse
40%
Non-Album Single 3 Weeks #41 Cheat Codes & Nicky Romero Sober
40%
Non-Album Single 3 Weeks #38 Fedde Le Grand & Nicky Romero ft. Matthew Koma Sparks
40%
Non-Album Single 4 Weeks #48 Nicky Romero Symphonica
40%
Collateral 6 Weeks #41 Nicky Romero & NERVO Like Home
20%
No matching quizzes found
Score Distribution
Percent of People with Each Score
Percentile by Number Answered
Your Score History
You have not taken this quiz